|
|
|
|
| LEADER |
00000nam a2200000 a 4500 |
| 001 |
vtls001482120 |
| 003 |
SK-MaSNL |
| 005 |
20260302073646.0 |
| 008 |
171201s2003 xxuoal f 00100 eng |
| 020 |
|
|
|a 0313321558
|q (viaz.)
|
| 035 |
|
|
|a SNK000437417
|
| 040 |
|
|
|a SNK
|b slo
|c SNK
|e AACR2
|
| 041 |
0 |
|
|a eng
|
| 044 |
|
|
|a us
|c US
|
| 072 |
|
7 |
|a 022
|x Budovy, areály a zariadenie knižníc
|2 konspekt
|
| 080 |
|
|
|a 727.8
|2 MDT-MRF
|
| 080 |
|
|
|a 022
|2 MDT-MRF
|
| 080 |
|
|
|a (048.8)
|2 MDT-MRF
|
| 245 |
0 |
0 |
|a Planning the modern public library building
|c Gerard B. McCabe and James R. Kennedy
|
| 250 |
|
|
|a 1st publ.
|
| 260 |
|
|
|a Westport
|b Libraries
|c 2003
|
| 300 |
|
|
|a xiv, 280 s.
|b fotogr.
|c 24 cm
|
| 490 |
1 |
|
|a The libraries unlimited library management collection
|
| 650 |
0 |
7 |
|a knižničné budovy
|2 SNKPH
|9 3035
|
| 650 |
0 |
7 |
|a zariadenie a vybavenie knižníc
|2 SNKPH
|9 69741
|
| 655 |
|
7 |
|a štúdie
|2 SNKPH
|9 57033
|
| 700 |
1 |
|
|a McCabe, Gerard B.
|4 edi
|9 738339
|
| 700 |
1 |
|
|a Kennedy, James Robert
|d 1943-
|4 edi
|9 738340
|
| 830 |
|
0 |
|a The libraries unlimited library management collection
|9 590875
|
| 919 |
|
|
|a 0-313-32155-8
|
| 999 |
|
|
|c 1161841
|d 1163771
|
| 952 |
|
|
|t snkPLA 022
|a SNKUST
|b SNKUST
|y PREZ
|7 0
|p 17A0443789
|o snkIC 131664
|i snkK 296/2004
|8 3
|g 105.06
|0 0
|1 0
|4 0
|d 2004-09-21
|l 0
|r 2025-04-30 00:00:00
|w 2026-02-24
|